000
00322nam a2200145Ia 4500
100
_a
Bell/ D.A
650
_a
Chemistry
942
_c
BK
654
_a
Fundamentals
245
_a
Fundamentals Of Electronic Device
260
_b
D.B. Tarapore vala
_a
Bombay
_c
1985
082
_a
621.3
300
_a
467
546
_a
ENGLISH
999
_c
31420
_d
31420